Statistika i planirovanije eksperimenta v technike i nauke metody planirovanija eksperimenta

Uložené v:
Podrobná bibliografia
Hlavný autor: Johnson, Norman L.
Ďalší autori: Leone, Fred C.
Médium: Kniha
Jazyk:Russian
Vydavateľské údaje: Moskva Mir 1981
Tagy: Pridať tag
Žiadne tagy, Buďte prvý, kto otaguje tento záznam!

MARC

LEADER 00000nam a2200000 4500
001 c105832
005 20231103121739.1
041 0 |a rus 
044 |a RU 
245 1 0 |a Statistika i planirovanije eksperimenta v technike i nauke  |b metody planirovanija eksperimenta  |c Norman L. Johnson, Fred C. Leone 
264 1 |a Moskva  |b Mir  |c 1981 
300 |a 516 s. 
100 1 |a Johnson, Norman L. 
700 1 |a Leone, Fred C.